000 00700nam a2200205Ia 4500
005 20241129111252.0
008 241129s9999||||xx |||||||||||||| ||und||
037 _aTB
040 _aCRL
_bpun
_cCRL
041 _apun
_2pun
084 _aO153,2:g P4
_qCRL
100 _aਉੱਪਲ, ਕਮਲੇਸ਼, ਚ।
245 0 _aਪੰਜਾਬੀ ਨਾਟਕ ਅਤੇ ਰੰਗਮੰਚ
_cਉੱਪਲ, ਕਮਲੇਸ਼, ਚ।
260 _aਪਟਿਆਲਾ, ਭਾਰਤ
_bਪਬਲੀਕੇਸ਼ਨ ਬਿਊਰੋ
_c2004
300 _a204ਪ੍ਰ0
365 _aINR
_b180
650 _aPunjabi LiteratureDrama
_9726332
942 _cTB
_hO153,2:g P4
999 _c1229668
_d1229668